000 00488nam a2200181Ia 4500
005 20250326141240.0
008 250326s9999 xx 000 0 und d
037 _aTextbook
040 _aFMSL
_beng
_cFMSL
041 _aeng
_2eng
084 _qFMSL
100 _aIndia (govt OF ...........)
245 0 _aEconomic survey 1993-94
_cIndia (govt OF ...........)
260 _aGovernment
_bGovernment, of India
_c1994
300 _a287p
942 _cTB
999 _c1289427
_d1289427